Statistics for Super Stickman Golf 2 Hats

Click here to take the quiz!

General Stats

  • This quiz has been taken 3 times
  • The average score is 24 of 36

Answer Stats

Power DescriptionHat% Correct
Laser ball is sticky!Afro
100%
Faster moving aim arrow!Bad Guy
67%
Larger aiming arrow!Bag Head
67%
Nitro ball is sticky!Blue Beard
67%
Extra nitro boost!Blue Wizard
67%
Faster moving power meter!Bunny Ears
67%
Ball isn't affected by magnets!Chef
67%
Super balls are sticky!Clown Hair
67%
Gives you a 4th nitro boost!Feather Cap
67%
Ball is less bouncy!Fez
67%
Random Landscapes!French Beret
67%
+2 powerups per round!Gold Royal Crown
67%
Slower moving aim arrow!Good Guy
67%
Sticky air brakes!Granny Hair
67%
25% stronger putts!Green Ball Cap
67%
Feel the breeze!Hatless
67%
Alternate sound effects!Headphones
67%
Giant golfer mode!Hipster Glasses
67%
Mini guy!Leprechaun Hat
67%
50% stronger putts!Orange Ball Cap
67%
Every shot's a party!Party Hat
67%
Sticky sand!Pink Turban
67%
Blood water!Pirate
67%
No penalty for ANY hazard!Pope Hat
67%
No penalty for out of bounds!Propeller Cap
67%
Gives you a 3rd magnet burst!Red Wizard
67%
Bouncier ball!Rubber Mask
67%
Ice ball freezes ALL water!Santa Hat
67%
+1 powerup per round!Silver Ruby Crown
67%
Night golfing!Space Helmet
67%
Stick to every green!Sticky Toque
67%
15% power increase!Strong Man 'Stache
67%
They do nothing!The Goggles
67%
Invisible man!Top Hat
67%
Slower moving power meter!Turtle Shell
67%
No penalty for hitting water!Viking Hat
67%

Score Distribution

Percentile by Number Answered

Percent of People with Each Score

Your Score History

You have not taken this quiz